00687nam a2200145Ia 4500008004100000050002200041100003300063245018800096260008600284300002800370521001200398942000700410999001900417952010500436140724s9999 xx 000 0 und d aRT 90b.B352 2011 aBautista, Biancca Cammile D. 2aA comparison on the level of job satisfaction of general staff nurses in a public and a private hospital in Las Piñas City based on Herzberg's Theory /cBiancca Camille D. Bautista. aLas Piñas, Philippines :bSouthville International School and Colleges,cc2011. a96 p. :bill. ;c28 cm. aNursing cTH c228674d228674 001040aCLbCLcTHESESd2014-07-24l0oRT 90 .B352 2011pT0028r2018-05-15 00:00:00w2014-07-24yTH